00625cam a22002171 4500001000800000005001700008008004100025010001700066040001800083041000800101043001200109080001900121082001900140100000700159101000800166245004100174906004500215942001200260999001700272952011800289169477720180226032450.0730522s1962 nyu 000 0 eng  a 62007159  aDLCcDLCdDLC aeng ae-uk-en a792.094216 BEC00a792.094216 BEC1 a21 aGJL00aShakespeare at the Globe, 1599-1609. a7bcbccorignewdueocipf19gy-gencatlg 2ddccBK c43385d43385 00102udc40708PËKGa002b002cPËKGd2018-02-26l0o792.094216 BECp002-2999537r2018-02-26w2018-02-26yBK